000 00590nam a2200181Ia 4500
008 090201s9999 xx 000 0 und d
010 _aKPL-67542
040 _bमराठी
041 _aमराठी
082 _a44850
_b67542
100 _aमंदाकिनी अष्टीकर
245 _aएक आस एक ध्यास
_cमंदाकिनी अष्टीकर
250 _a1
260 _c2005
_bनिशिगंधा प्रकाशन
300 _a304
_bलहान
600 _aएक आस एक ध्यास
942 _cBOOK
999 _c241836
_d241836